Stroop: test de colores y palabras. Manual
محفوظ في:
| المؤلف الرئيسي: | |
|---|---|
| التنسيق: | كتاب |
| اللغة: | الإسبانية |
| منشور في: |
Madrid
TEA ediciones
2010
|
| الطبعة: | 5a. ed |
| الموضوعات: | |
| الوسوم: |
إضافة وسم
لا توجد وسوم, كن أول من يضع وسما على هذه التسجيلة!
|
MARC
| LEADER | 00000cam a2200000 a 4500 | ||
|---|---|---|---|
| 001 | UCC3870 | ||
| 003 | CL-VaPUC | ||
| 008 | 180622e20100000sp |||||||||||||||||spa|d | ||
| 020 | |a 9788471748942 | ||
| 082 | 0 | 4 | |a 153.933 |b GOL |2 21 |
| 100 | |a Golden, Charles J |e author |9 597988 | ||
| 245 | 1 | 0 | |a Stroop: test de colores y palabras. Manual |
| 250 | |a 5a. ed | ||
| 300 | |a 44 p | ||
| 942 | |c BK | ||
| 945 | |d 20180622 13:48:00 |a dcastane | ||
| 260 | |a Madrid |b TEA ediciones |c 2010 | ||
| 500 | |a Incluye 5 cuadernillos | ||
| 650 | 0 | |a Tests psicológicos |9 308644 | |
| 650 | 0 | |a Percepción visual |9 267039 | |
| 583 | |a last modification |c 20180622 13:48:00 |k Rodrigo Vera | ||
| 999 | |c 371538 |d 371536 | ||
| 952 | |0 0 |1 0 |3 erb |4 0 |6 153_933000000000000_GOL_2010 |7 0 |8 R |9 488550 |a BIBEDU |b BIBEDU |c MCIRC |i 547762K |l 5 |o 153.933 GOL 2010 |p 547762K |r 2024-04-08 |s 2024-04-05 |w 2019-11-24 |y BK_R |z Catalogado en:20180622 |k EDI | ||